Land-locked island (Record no. 119288)
[ view plain ]
| 000 -LEADER | |
|---|---|
| fixed length control field | 00389nam a22001337a 4500 |
| 008 - FIXED-LENGTH DATA ELEMENTS--GENERAL INFORMATION | |
| fixed length control field | 131216b xxu||||| |||| 00| 0 eng d |
| 050 ## - LIBRARY OF CONGRESS CALL NUMBER | |
| Classification number | SPC DT962.G5 |
| 100 ## - MAIN ENTRY--PERSONAL NAME | |
| Personal name | Gibbs, Peter |
| 9 (RLIN) | 5791 |
| 245 ## - TITLE STATEMENT | |
| Title | Land-locked island |
| Remainder of title | A commentary on Southern Rhodesia |
| 260 ## - PUBLICATION, DISTRIBUTION, ETC. (IMPRINT) | |
| Place of publication, distribution, etc | Bulawayo |
| Name of publisher, distributor, etc | Philpott & Collins |
| Date of publication, distribution, etc | 1947 |
| 300 ## - PHYSICAL DESCRIPTION | |
| Extent | 120p. |
| Dimensions | -21cm |
| 650 ## - SUBJECT ADDED ENTRY--TOPICAL TERM | |
| Topical term or geographic name as entry element | Zimbabwe |
| 9 (RLIN) | 5792 |
| 942 ## - ADDED ENTRY ELEMENTS (KOHA) | |
| Source of classification or shelving scheme | Library of Congress Classification |
| Item type | Monograph ( Printed materials) |
| Koha issues (borrowed), all copies | 1 |
| Withdrawn status | Lost status | Source of classification or shelving scheme | Damaged status | Not for loan | Home library | Current library | Date acquired | Total Checkouts | Full call number | Barcode | Date last seen | Date last borrowed | Price effective from | Koha item type |
|---|---|---|---|---|---|---|---|---|---|---|---|---|---|---|
| Library of Congress Classification | ARRUPE LIBRARY | ARRUPE LIBRARY | 16/12/2013 | 1 | SPC DT962.G5 | 464122660 | 05/02/2014 | 04/02/2014 | 16/12/2013 | Monograph ( Printed materials) |